| 000 | 00730nam a2200229 i 4500 | ||
|---|---|---|---|
| 001 | 34674 | ||
| 003 | ES-MaACL | ||
| 007 | t| | ||
| 008 | 030207s1985 sp ||||1| spa d | ||
| 020 | _a84-7213-099-1 | ||
| 100 | 1 |
_aBluvstein, Raquel. _929605 |
|
| 245 | 1 | 0 |
_aPoemas / _cRaquel Bluvstein ; traducidos del hebreo, intróducción y notas por Ana María Bejarano. |
| 260 |
_aBarcelona : _bRiopiedras, _c[1985] |
||
| 300 |
_a245 p. ; _c21 cm. |
||
| 490 | 1 | _aAutores Israelíes contemporáneos | |
| 500 | _aIndice. | ||
| 504 | _aBibliografía : p. 243. | ||
| 700 | 1 |
_aBejarano, Ana María. _927090 |
|
| 830 | 0 |
_aAutores Israelíes contemporáneos _9229508 |
|
| 852 |
_aES-MaACL _jL-9519 _bR.110524 |
||
| 999 |
_c34674 _d34674 |
||